000 01299nam2a2200229 4500
001 rc\2662705
005 20260315043816.0
035 _a(NLR Aleph) 006969471
090 _a13566319
_c13566319
100 _a20110617d1931 u y0rusy50 ca
101 0 _arus
102 _aRU
105 _ay z |||||
200 1 _aО мерах борьбы с естественными разрушениями русла открытых канав осушительной сети
210 _d1931
461 0 _1001rc\2662704
_12001#$aВыводы из работ ЛЕЗОМС$eСерия 2. № 4-12$fНаркомзем СССР. Ленингр. зональная опытно-мелиоративная станция$v№ 4
_95425627
_aСеверный научно-исследовательский институт гидротехники и мелиорации (Ленинград)
_c[Ленинград]
_d1931-1935
_fНаркомзем СССР. Ленингр. зональная опытно-мелиоративная станция
_nСельколхозгиз
_oСерия 2. № 4-12
_tВыводы из работ ЛЕЗОМС
_v№ 4
700 1 _aДобронравов
_bС.К.
801 0 _aRU
_bNLR
_gpsbo
801 1 _aRU
_bELAR
_2rusmarc
852 _aNLR
_j32-15/40
942 _cUNSPEC
980 _aNB